Welcome to the Holygrace Academy Library

Please use search bar below to get started

THE PLEA (Record no. 9120)

MARC details
000 -LEADER
fixed length control field 00274nam a22001337a 4500
082 ## - DEWEY DECIMAL CLASSIFICATION NUMBER
Classification number 823
Item number CAV/P
100 ## - MAIN ENTRY--AUTHOR NAME
Personal name CAVANAGH, STEVE
245 ## - TITLE STATEMENT
Title THE PLEA
246 ## - VARYING FORM OF TITLE
Title proper/short title THE PLEA
Remainder of title THE PLEA
260 ## - PUBLICATION, DISTRIBUTION, ETC. (IMPRINT)
Place of publication U K
Name of publisher ORION BOOKS
300 ## - PHYSICAL DESCRIPTION
Number of Pages 379
650 ## - SUBJECT ADDED ENTRY--TOPICAL TERM
Topical Term ENGLISH STORY
942 ## - ADDED ENTRY ELEMENTS (KOHA)
Koha item type Books
Holdings
Withdrawn status Lost status Collection code Home library Current library Date acquired Source of acquisition Full call number Accession Number Koha item type
    ENGLISH FICTION Main Library Main Library 20/06/2025 COTRIBUTION 823 CAV/P 13829 Books